000 00704naa a2200193 4500
001 178199
003 ES-MaBCM
005 20241016192326.0
008 100625s2010 fra|r0p 0 ||fre d
021 _axx
035 _a(OCoLC)1365120530
040 _cES-MaBCM
100 1 _aHemptinne, Jérôme de
_990572
245 0 0 _aLa definition de la notion de "population civile" dans le cadre du crime contre l'humanite
_b: commentaire critique de l'arret Martic
_cJérôme de Hemptinne
650 2 7 _aCrimen contra la humanidad
_958187
655 4 _aJurisprudencia comentada
_959143
773 0 _aEn:
_tRevue générale de droit international public
_dParis
_w104678
_gNº1 (2010), p. 93-104
942 _cAREV
999 _c178199
_d178199